000
00271nam a22001097a 4500
082
_a
940.53 CHU'S
100
_a
CHURCHILL, WINSTON
_9
49036
245
_a
THE SECOND WORLD WAR THE GRAND ALLIANCE
260
_a
LONDON
_b
CASSELL
_c
1950
300
_a
VOL-3,4,1,6,5
942
_c
BK
999
_c
582108
_d
582108